| 000 | 02419nam0a22003611 4500 | ||
|---|---|---|---|
| 001 | rc\2963267 | ||
| 005 | 20260406024707.0 | ||
| 035 | _a(NLR Aleph) 007109779 | ||
| 090 |
_a6755907 _c6755907 |
||
| 100 | _a20110913d1939 u y0rusy50 ca | ||
| 101 | 0 | _arus | |
| 102 | _aRU | ||
| 105 | _aab z ||||| | ||
| 200 | 1 |
_aГренландское море и Полярный бассейн _eгидрологические работы в Гренландском море и в районе к северу от Шпицбергена _fВс. А. Березкин _g[предисл.: Герой Сов. Союза, д.геогр.н. П.П. Ширшов] |
|
| 210 |
_aЛенинград _c[б. и.] _d1939 |
||
| 215 |
_aС. 11-184 _cил., карт. _d25 см |
||
| 225 | 1 | _aТруды экспедиции на "Садко" в 1935 году | |
| 300 | _a"Отд. отт. из кн. "Труды первой высокоширотной экспедиции на "Садко" в 1935 г.", т. 1, вып. 1, Л. 1939" | ||
| 316 |
_aНа тит. л. штамп: Военно-Морская Академия В.К.Ф. имени тов. Ворошилова, Академическая библиотека _5NLR: |
||
| 320 | _aБиблиогр.: с. 182-184 и в подстроч. примеч. | ||
| 412 | 0 |
_12001#$vТ. 1, вып. 1 _1210##$d1939 _171012$3RU\NLR\AUTH\8810184032$aВысокоширотная экспедиция$d1$f1935 _aВысокоширотная экспедиция (1 ; 1935) |
|
| 488 |
_12001#$aТруды первой высокоширотной экспедиции на "Садко" в 1935 г.$hТ. 1, вып.1 _tТруды первой высокоширотной экспедиции на "Садко" в 1935 г. |
||
| 606 |
_aГидрологические наблюдения _yГренландское море _z1935 _92169762 _3RU\NLR\AUTH\6601541881 |
||
| 617 |
_mСеверный Ледовитый океан _mГренландское море |
||
| 686 | _aД221.9(915.32) | ||
| 700 | 1 |
_aБерезкин _bВ.А. _f1899-1946 _gВсеволод Александрович _9127341 _3RU\NLR\AUTH\770127365 |
|
| 702 | 1 |
_4080 _8rus _7ca _aШиршов _bП. П. _f1905-1953 _gПетр Петрович _3RU\NLR\AUTH\77126268 _9109192 |
|
| 801 | 0 |
_aRU _bNLR _gpsbo |
|
| 801 | 1 |
_aRU _bELAR _2rusmarc |
|
| 801 | 2 |
_aRU _bNLR _c20131212 _2rusmarc |
|
| 852 |
_aNLR _j64-7/2785 |
||
| 942 | _cBOOK | ||
| 980 | _aNB | ||